[Event "AUTO-INT-3116"]
[Site "http://www.queenalice.com/game.php?id=1413862"]
[Date "2016.3.17"]
[Round "1"]
[White "DORLISS"]
[Black "vogeleduardo"]
[Result "0-1"]
[WhiteElo "1521"]
[BlackElo "1546"]

1. e4 e5 2. Nf3 d6 3. Bc4 Be6 4. Bxe6 fxe6 5. Nxe5 dxe5 6. O-O Nf6 7. f4 Bd6 8.
d4 Nxe4 9. fxe5 Be7 10. Qh5+ g6 11. Qg4 Qxd4+ 12. Be3 Qxe3+ 13. Kh1 Nf2+ 14.
Rxf2 Qe1+ 0-1

[Event "AUTO-INT-3116"]
[Site "http://www.queenalice.com/game.php?id=1413863"]
[Date "2016.3.17"]
[Round "1"]
[White "vogeleduardo"]
[Black "DORLISS"]
[Result "1-0"]
[WhiteElo "1561"]
[BlackElo "1506"]

1. e4 e5 2. Nf3 Nc6 3. Bc4 Nf6 4. d3 Be7 5. Nc3 O-O 6. O-O d6 7. a3 Bg4 8. h3
Bh5 9. Bg5 h6 10. Bxf6 Bxf6 11. b4 Ne7 12. g4 Bg6 13. Nd5 Nxd5 14. Bxd5 1-0

[Event "AUTO-INT-3116"]
[Site "http://www.queenalice.com/game.php?id=1413864"]
[Date "2016.3.17"]
[Round "1"]
[White "DORLISS"]
[Black "Alcar"]
[Result "1-0"]
[WhiteElo "1523"]
[BlackElo "1659"]

1. e4 e5 2. Nf3 d6 3. Bc4 Nf6 4. d3 h6 5. O-O Be7 6. h3 O-O 7. c3 Nc6 8. Re1 a6
9. d4 exd4 10. cxd4 Na5 11. Bd3 c5 12. d5 b5 13. Nbd2 c4 14. Bc2 Nd7 15. Nf1 Nb7
16. Ng3 Ne5 17. Nf5 Bxf5 18. exf5 Bf6 19. Bf4 Nxf3+ 20. Qxf3 Nc5 21. Qg3 a5 22.
Bxh6 Nd3 23. Re4 Re8 24. Rg4 Nxf2 25. Rxg7+ Bxg7 26. Qxg7# 1-0

[Event "AUTO-INT-3116"]
[Site "http://www.queenalice.com/game.php?id=1413865"]
[Date "2016.3.17"]
[Round "1"]
[White "Alcar"]
[Black "DORLISS"]
[Result "1-0"]
[WhiteElo "1695"]
[BlackElo "1490"]

1. d4 Nf6 2. c4 e5 3. dxe5 Ng4 4. Bf4 Nc6 5. h3 Ngxe5 6. Nc3 Bb4 7. e3 Qe7 8. a3
Bxc3+ 9. bxc3 O-O 10. Be2 d6 11. Nf3 Re8 12. Nxe5 dxe5 13. Bg3 Bf5 14. O-O Rad8
15. Qc1 Qg5 16. h4 Qg6 17. f4 exf4 18. Bxf4 Rd7 19. h5 Qf6 20. Qb2 Red8 21. Bf3
b6 22. Qb5 Be6 23. Qxc6 Qh4 24. Rad1 Rxd1 25. Bxd1 h6 26. Bf3 Bd7 27. Qxc7 1-0

[Event "AUTO-INT-3116"]
[Site "http://www.queenalice.com/game.php?id=1413866"]
[Date "2016.3.17"]
[Round "1"]
[White "DORLISS"]
[Black "RJGF"]
[Result "0-1"]
[WhiteElo "1544"]
[BlackElo "1512"]

1. e4 e6 2. d4 f5 3. exf5 Nf6 4. fxe6 Bd6 5. Nf3 O-O 6. Bc4 Kh8 7. O-O dxe6 8.
Bg5 Nc6 9. c3 h6 10. Bh4 e5 11. Re1 e4 12. Bxf6 Qxf6 13. Rxe4 Bf5 14. Re1 Bg4
15. Nbd2 Qf5 16. h3 Bxf3 17. Nxf3 Rf6 18. Bd3 Qh5 19. Re2 Ne7 20. Ne5 Raf8 21.
Ng4 Rf4 22. Qd2 Rxg4 23. Rxe7 Qxh3 24. Be4 Qh2+ 25. Kf1 Bxe7 26. Rd1 Rxe4 27. f3
Qh1+ 28. Kf2 Bh4+ 29. g3 Rxf3# 0-1

[Event "AUTO-INT-3116"]
[Site "http://www.queenalice.com/game.php?id=1413867"]
[Date "2016.3.17"]
[Round "1"]
[White "RJGF"]
[Black "DORLISS"]
[Result "0-1"]
[WhiteElo "1511"]
[BlackElo "1507"]

1. e4 e5 2. Nf3 Nc6 3. Bc4 Nf6 4. Nc3 Be7 5. d4 exd4 6. Nxd4 d6 7. O-O O-O 8.
Nxc6 bxc6 9. Re1 Be6 10. Bxe6 fxe6 11. Bg5 Rb8 12. b3 Nd7 13. Bxe7 Qxe7 14. Qg4
Qf6 15. Qg3 Ne5 16. Rad1 Rf7 17. Rf1 Rbf8 18. f3 Ng6 19. Ne2 Qb2 20. Nd4 e5 21.
Nxc6 Nf4 22. Qf2 Rf6 23. a4 Kh8 24. Qxa7 Qxc2 25. Ne7 Qxg2# 0-1

[Event "AUTO-OPEN-3627"]
[Site "http://www.queenalice.com/game.php?id=1414044"]
[Date "2016.3.19"]
[Round "1"]
[White "DORLISS"]
[Black "Ettedualc"]
[Result "0-1"]
[WhiteElo "1455"]
[BlackElo "2429"]

1. e4 d6 2. d4 g6 3. c4 Bg7 4. Nc3 c5 5. dxc5 Bxc3+ 6. bxc3 dxc5 7. Qxd8+ Kxd8
8. Nf3 Ke8 9. Bd3 Nc6 10. O-O Bg4 11. Ba3 b6 0-1

[Event "AUTO-OPEN-3627"]
[Site "http://www.queenalice.com/game.php?id=1414045"]
[Date "2016.3.19"]
[Round "1"]
[White "Ettedualc"]
[Black "DORLISS"]
[Result "1-0"]
[WhiteElo "2428"]
[BlackElo "1457"]

1. g4 e5 2. c4 Qh4 3. Nf3 Qxg4 4. Nxe5 Qe4 5. Nf3 Bc5 6. Rg1 g6 7. Qb3 Nf6 8. d4
Bxd4 9. Nc3 Bxc3+ 10. Qxc3 Qe6 11. Bg5 1-0

[Event "AUTO-OPEN-3627"]
[Site "http://www.queenalice.com/game.php?id=1414046"]
[Date "2016.3.19"]
[Round "1"]
[White "DORLISS"]
[Black "rodrigofortes"]
[Result "1-0"]
[WhiteElo "1523"]
[BlackElo "1572"]

1. e4 e5 2. Nf3 d6 3. Bc4 c5 4. Ng5 Qxg5 5. O-O Bh3 6. Qf3 Bxg2 7. Qxg2 Qxg2+ 8.
Kxg2 Nf6 9. Nc3 a6 10. d3 Nc6 11. f4 Nd4 12. fxe5 Nxc2 13. Rb1 Ng4 14. Nd5 O-O-O
15. Rxf7 Nxe5 16. Rf2 Nd4 17. Bg5 Re8 18. b3 b5 19. Nb6+ Kb7 20. Bd5+ Kxb6 21.
b4 Nxd3 22. bxc5+ Kxc5 23. Rd2 Be7 24. Be3 b4 25. Rxd3 Rc8 26. Bxd4+ Kb5 27. Bc3
a5 28. Be6 Rc6 29. Bd7 Kc4 30. Rbd1 bxc3 31. Bxc6 Rc8 32. Bd5+ Kb4 33. Rb1+ Ka3
34. Rb3+ Ka4 35. Rd4+ Rc4 36. Rxc4# 1-0

[Event "AUTO-OPEN-3627"]
[Site "http://www.queenalice.com/game.php?id=1414047"]
[Date "2016.3.19"]
[Round "1"]
[White "rodrigofortes"]
[Black "DORLISS"]
[Result "0-1"]
[WhiteElo "1587"]
[BlackElo "1487"]

1. Nf3 Nc6 2. g3 e5 3. Bg2 e4 4. Nh4 g5 5. Nf5 d5 6. Bh3 Nge7 7. g4 h5 8. b3
hxg4 9. Bxg4 Bxf5 10. e3 Qd7 11. f3 exf3 12. Qxf3 Bxg4 13. Qf6 Ng6 14. Bb2 Nce7
15. Nc3 O-O-O 16. Na4 Nf5 17. Qxg5 Rh4 18. Nc5 Bxc5 19. d4 Nxe3 20. Qxe3 Re8 21.
Qxe8+ Qxe8+ 22. Kf2 Qe2+ 23. Kg1 Nf4 24. h3 Qg2# 0-1

[Event "AUTO-OPEN-3627"]
[Site "http://www.queenalice.com/game.php?id=1414048"]
[Date "2016.3.19"]
[Round "1"]
[White "DORLISS"]
[Black "LUKK22"]
[Result "0-1"]
[WhiteElo "1451"]
[BlackElo "2698"]

1. e4 g6 2. d4 Bg7 3. c4 Nf6 4. e5 Ng8 5. Nf3 d6 6. Bf4 dxe5 7. Nxe5 Nh6 8. Qd2
Nf5 9. d5 g5 10. Nxf7 Kxf7 11. Bxg5 Na6 12. Qf4 h6 13. Bh4 Qd6 14. Qf3 Qe5+ 15.
Qe2 Qxb2 16. Qh5+ Kf8 17. Bxe7+ Kxe7 0-1

[Event "AUTO-OPEN-3627"]
[Site "http://www.queenalice.com/game.php?id=1414049"]
[Date "2016.3.19"]
[Round "1"]
[White "LUKK22"]
[Black "DORLISS"]
[Result "1-0"]
[WhiteElo "2697"]
[BlackElo "1453"]

1. g4 e5 2. c4 Nc6 3. Nc3 Bb4 4. h3 d5 5. cxd5 Bxc3 6. dxc3 Na5 7. Bg2 f5 8.
Qa4+ Bd7 9. Qxa5 Nf6 10. g5 Nh5 11. Bf3 g6 12. Bxh5 gxh5 13. Qc5 Rg8 14. Nf3 b6
15. Qc4 Qe7 16. Qxc7 Rc8 17. Qxe5 Qxe5 18. Nxe5 Bb5 19. Bf4 1-0

[Event "AUTO-INT-3119"]
[Site "http://www.queenalice.com/game.php?id=1415319"]
[Date "2016.3.27"]
[Round "1"]
[White "DORLISS"]
[Black "Karjaking"]
[Result "0-1"]
[WhiteElo "1439"]
[BlackElo "1620"]

1. e4 d6 2. d4 Nf6 3. Nc3 g6 4. Bf4 Bg7 5. Nf3 O-O 6. Bc4 c6 7. Qd2 Nxe4 8. Nxe4
d5 9. Bh6 dxe4 10. Ng5 e6 11. Bxg7 Kxg7 12. O-O-O h6 13. Nxe4 Nd7 14. h4 b5 15.
Bb3 a5 16. h5 g5 17. f4 a4 0-1

[Event "AUTO-INT-3119"]
[Site "http://www.queenalice.com/game.php?id=1415320"]
[Date "2016.3.27"]
[Round "1"]
[White "Karjaking"]
[Black "DORLISS"]
[Result "1-0"]
[WhiteElo "1610"]
[BlackElo "1449"]

1. e4 e5 2. f4 exf4 3. Nf3 Nc6 4. d4 Be7 5. Bxf4 Nf6 6. Nc3 O-O 7. Bd3 d6 8. O-O
Bg4 9. d5 Nd4 10. Be2 Nxe2+ 11. Qxe2 Qd7 12. Qe3 Rfe8 13. Rae1 Nh5 14. Nd4 Nxf4
15. Qxf4 Bh4 16. Nf5 Bxe1 17. Qxg4 Bxc3 18. bxc3 1-0

[Event "AUTO-INT-3119"]
[Site "http://www.queenalice.com/game.php?id=1415321"]
[Date "2016.3.27"]
[Round "1"]
[White "DORLISS"]
[Black "rodrigofortes"]
[Result "0-1"]
[WhiteElo "1482"]
[BlackElo "1552"]

1. e4 c5 2. Nf3 d6 3. d4 cxd4 4. Nxd4 g6 5. Bc4 e5 6. Nb3 Bg7 7. Qf3 Nf6 8. Bg5
O-O 9. Nc3 Nbd7 10. O-O-O h6 11. Bh4 g5 12. Bg3 Nc5 13. Bxe5 g4 14. Bxf6 Bxf6
15. Qf4 Bg5 16. Qxg5+ hxg5 17. Nd5 Nxe4 18. Rhf1 a5 19. f3 a4 20. Nd4 Nc5 21.
fxg4 Bxg4 22. Nf6+ Kg7 23. Nxg4 d5 24. Nf5+ Kg6 25. Rxd5 Qa5 26. Ne5+ Kh7 0-1

[Event "AUTO-INT-3119"]
[Site "http://www.queenalice.com/game.php?id=1415322"]
[Date "2016.3.27"]
[Round "1"]
[White "rodrigofortes"]
[Black "DORLISS"]
[Result "1-0"]
[WhiteElo "1565"]
[BlackElo "1469"]

1. Nf3 d5 2. e3 Nc6 3. g3 Bg4 4. Bg2 e5 5. h3 Bxf3 6. Bxf3 e4 7. Be2 Nge7 8. d4
Qd7 9. Nc3 O-O-O 10. f4 exf3 11. Bxf3 Nf5 12. Rg1 Re8 13. Nxd5 Ncxd4 14. c3
Nxf3+ 15. Qxf3 Bc5 16. Kf2 c6 17. b4 Bd6 18. Nf4 g5 19. Nh5 Be5 20. Bb2 Bxc3 21.
Rgd1 Qe6 22. Bxc3 Qxe3+ 23. Kg2 Qe2+ 24. Qxe2 Rxe2+ 25. Kf3 Re3+ 26. Kg4 Rxc3
27. Kxf5 h6 28. Kf6 1-0

[Event "AUTO-INT-3119"]
[Site "http://www.queenalice.com/game.php?id=1415323"]
[Date "2016.3.27"]
[Round "1"]
[White "DORLISS"]
[Black "RJGF"]
[Result "0-1"]
[WhiteElo "1541"]
[BlackElo "1709"]

1. e4 e6 2. d4 f5 3. Nc3 fxe4 4. Nxe4 d5 5. Ng5 Nf6 6. Bd3 c5 7. c3 c4 8. Bc2
Nc6 9. N1f3 Bd6 10. Be3 e5 11. dxe5 Nxe5 12. O-O Bg4 13. h3 Bd7 14. Nxe5 Bxe5
15. f4 Bc7 16. Bc5 Bd6 17. Bxd6 Qb6+ 18. Qd4 Qxd6 19. Rae1+ Kd8 20. Nf7+ Kc7 21.
Nxd6 Kxd6 22. Re5 Rae8 23. Rfe1 b6 24. Rxe8 Rxe8 25. Rxe8 Bxe8 26. Qe5+ Kc5 27.
Qe7+ Kb5 0-1

[Event "AUTO-INT-3119"]
[Site "http://www.queenalice.com/game.php?id=1415324"]
[Date "2016.3.27"]
[Round "1"]
[White "RJGF"]
[Black "DORLISS"]
[Result "1-0"]
[WhiteElo "1718"]
[BlackElo "1532"]

1. e4 e5 2. Nf3 Nc6 3. d4 exd4 4. Nxd4 d5 5. exd5 Qxd5 6. Qe2+ Nge7 7. Nxc6 bxc6
8. Nc3 Qe6 9. Bf4 Nd5 10. Qxe6+ Bxe6 11. Nxd5 cxd5 12. Bxc7 Rc8 13. Bb5+ Bd7 14.
Bxd7+ Kxd7 15. Bf4 Rxc2 16. Rd1 Bb4+ 17. Kf1 Kc6 18. a3 Bc5 19. Be3 Rd8 20. Bxc5
Rxc5 21. Ke2 Rc2+ 22. Rd2 Rxd2+ 23. Kxd2 d4 24. Re1 Rb8 25. b4 Kd5 26. Re7 Rb6
27. Rxa7 1-0

[Event "AUTO-OPEN-3631"]
[Site "http://www.queenalice.com/game.php?id=1415406"]
[Date "2016.3.28"]
[Round "1"]
[White "DORLISS"]
[Black "solzhenitsyn"]
[Result "0-1"]
[WhiteElo "1428"]
[BlackElo "2178"]

1. e4 c5 2. Nf3 Nc6 3. d4 cxd4 4. Nxd4 g6 5. Nc3 Bg7 6. Be3 Nxd4 7. Bxd4 Nf6 8.
e5 Nh5 9. g4 Nf4 10. g5 Ne6 11. Bb5 Qa5 12. Qd2 Nxd4 13. Qxd4 a6 14. b4 Qc7 15.
Nd5 Qxe5+ 16. Qxe5 Bxe5 17. O-O-O axb5 18. Rhe1 Bxh2 19. Rxe7+ Kf8 20. Rde1 Kg7
21. f4 Rxa2 22. Kb1 Ra6 0-1

[Event "AUTO-OPEN-3631"]
[Site "http://www.queenalice.com/game.php?id=1415407"]
[Date "2016.3.28"]
[Round "1"]
[White "solzhenitsyn"]
[Black "DORLISS"]
[Result "1-0"]
[WhiteElo "2177"]
[BlackElo "1430"]

1. d4 Nf6 2. c4 e5 3. Nf3 e4 4. Ne5 d6 5. Nxf7 Kxf7 6. Bg5 Be7 7. e3 Rf8 8. Nd2
Bf5 9. Be2 Kg8 10. Qb3 b6 11. Bxf6 Bxf6 12. f4 exf3 13. Bxf3 c6 14. O-O Nd7 15.
Bxc6 Bg5 16. Bxa8 Bxe3+ 17. Qxe3 Qxa8 18. Rf4 Re8 19. Qg3 Bg6 20. Re1 Nf6 21.
Rxe8+ Qxe8 22. Qh3 Qe1+ 23. Nf1 1-0

[Event "AUTO-OPEN-3631"]
[Site "http://www.queenalice.com/game.php?id=1415408"]
[Date "2016.3.28"]
[Round "1"]
[White "DORLISS"]
[Black "Prosperidade"]
[Result "0-1"]
[WhiteElo "1525"]
[BlackElo "2234"]

1. e4 e5 2. Nf3 d6 3. Bc4 h6 4. O-O Nf6 5. Re1 Be7 6. h3 O-O 7. c3 c5 8. d4 a6
9. Nh4 Nbd7 10. Nf5 Nb6 11. Nxe7+ Qxe7 12. Bb3 Nbd7 13. Nd2 cxd4 14. cxd4 b5 15.
d5 a5 0-1

[Event "AUTO-OPEN-3631"]
[Site "http://www.queenalice.com/game.php?id=1415409"]
[Date "2016.3.28"]
[Round "1"]
[White "Prosperidade"]
[Black "DORLISS"]
[Result "1-0"]
[WhiteElo "2233"]
[BlackElo "1527"]

1. d4 Nf6 2. c4 e5 3. dxe5 Ng4 4. Nf3 Nc6 5. Bg5 Be7 6. Bf4 Bc5 7. e3 Qe7 8. Nc3
O-O 9. Nd5 Bb4+ 10. Ke2 Qc5 11. Rc1 b5 12. h3 1-0

[Event "AUTO-OPEN-3631"]
[Site "http://www.queenalice.com/game.php?id=1415410"]
[Date "2016.3.28"]
[Round "1"]
[White "DORLISS"]
[Black "jnable"]
[Result "0-1"]
[WhiteElo "1523"]
[BlackElo "2062"]

1. e4 e6 2. d4 d5 3. exd5 exd5 4. Nf3 Nf6 5. Bd3 Be7 6. O-O O-O 7. Nc3 Bg4 8. h3
Bh5 9. Bg5 Nbd7 10. Re1 Re8 11. g4 Bg6 12. Nh4 Bxd3 13. Qxd3 c6 14. Nf5 h6 15.
Bxh6 gxh6 16. Nxh6+ Kg7 17. Nf5+ Kg8 18. Qd2 Nh7 19. Qh6 Bf8 20. Qh5 Qg5 21. Re2
Qxh5 0-1

[Event "AUTO-OPEN-3631"]
[Site "http://www.queenalice.com/game.php?id=1415411"]
[Date "2016.3.28"]
[Round "1"]
[White "jnable"]
[Black "DORLISS"]
[Result "1-0"]
[WhiteElo "2064"]
[BlackElo "1492"]

1. e4 e5 2. f4 exf4 3. Nf3 g5 4. d4 g4 5. Ne5 h5 6. Bc4 Nh6 7. Bxf4 d6 8. Nd3
Nc6 9. c3 Qe7 10. O-O Bd7 11. Nd2 O-O-O 12. Bg5 Qxg5 13. b4 g3 14. h3 Bxh3 15.
gxh3 Qe3+ 16. Kg2 Bg7 17. Rf3 Qg5 18. Nf1 h4 19. Qd2 Qg6 20. Qf4 Rhf8 21. Qxh4
Rde8 22. Re1 Bxd4 23. cxd4 Nxd4 24. Rf6 Qg7 25. Qxh6 Qg8 26. Qf4 Re7 27. Ne3 1-0